000 01007nam0a22002651 4500
001 rc\3544993
005 20260407101934.0
021 _aRU
_b[69-111330]
035 _a(NLR Aleph) 007672253
090 _a6447068
_c6447068
100 _a20130115d1969 |||y0rusy50 ca
101 0 _arus
102 _aRU
105 _aa z |||||
200 1 _aВопросы точности протягивания
_e[Сборник статей
_fРед. коллегия: Л.Р. Апин и др.]
_gРиж. политехн. ин-т. Механико-машиностроит. фак.
210 _aРига
_cБ. и.
_d1969
215 _a93 с.
_cил.
_d21
606 _aПротягивание металлов
_xТочность
_jСборники
_2psbo
702 1 _aАпин
_bЛ.Р.
_4340
712 0 2 _aРижский политехнический институт
_3RU\NLR\AUTH\889929741
_9355014
801 0 _aRU
_bNLR
_gpsbo
801 1 _aRU
_bELAR
_2rusmarc
852 _aNLR
_j69-6/13036
942 _cBOOK
980 _aNB